000 00459nam a2200157Ia 4500
008 151021s9999 xx 000 0 und d
020 _a772518505
050 _aLB 1573.33 .R67 1991
245 _a_Invitations changing as teachers and Learners K-12
260 _aU.S.A Irwin Publishing 1991
300 _axxi,502p,;ill
500 _aincludes index
500 _aincludes index
650 _a_English Language
980 _a^d20120827 11:35:29^okorir
999 _c12493
_d12493